000 00453nam a2200181Ia 4500
003 OSt
005 20241023110706.0
008 230312s9999||||xx |||||||||||||| ||und||
020 _a1-85964-216-0
040 _aabc
082 _a955
_bHAK-E
100 _aHakimi;Kazem
245 0 _aEye for Iran /
_cby Kazem Hakimi (Photographor)
260 _bGarnet Publishing Limited :
_aChina ;
_c2009
300 _a60
650 _aArchitecture
942 _cBK
_2ddc
999 _c12067
_d12067